Italienische Städtenamen auf Deutsch - Statistiken

Allgemein
  • Dieses Quiz wurde 84 mal gespielt
  • Das Durchschnittsergebnis liegt bei 11 aus 15
Antwortstatistiken
Italienisch Deutsch % Korrekt
Genova Genua
97%
Roma Rom
97%
Venezia Venedig
97%
Milano Mailand
96%
Napoli Neapel
96%
Torino Turin
96%
Firenze Florenz
92%
Trieste Triest
89%
Bolzano Bozen
83%
Padova Padua
55%
Trento Trient
47%
Siracusa Syrakus
45%
Benevento Benevent
36%
Taranto Tarent
32%
Agrigento Agrigent
30%
Keine übereinstimmenden Quizze gefunden
Verteilung der Resultate
Anzahl Personen mit jedem Resultat
Perzentil nach korrekt beantworteten Fragen
Ihre Resultats-Entwicklung
Sie haben dieses Quiz noch nicht gespielt